YES PREME MINSTER (Record no. 37202)

MARC details
000 -LEADER
fixed length control field 00352nam a2200157Ia 4500
020 ## - INTERNATIONAL STANDARD BOOK NUMBER
ISBN 0-88162-335-0
100 ## - STATEMENT OF RESPONSIBILITY--MAIN AUTHOR NAME
Personal name Right Hon
245 #0 - TITLE STATEMENT
Title YES PREME MINSTER
260 ## - PUBLICATION, DISTRIBUTION, ETC. (IMPRINT)
Name of publisher Salem House
260 ## - PUBLICATION, DISTRIBUTION, ETC. (IMPRINT)
Year of publication 1986
300 ## - PHYSICAL DESCRIPTION
Number of Pages 391 p
650 ## - SUBJECT ADDED ENTRY--TOPICAL TERM
Topical Term school discipline
942 ## - ADDED ENTRY ELEMENTS (KOHA)
Koha item type Books
Holdings
Withdrawn status Lost status Source of classification or shelving scheme Damaged status Not for loan Permanent Location Current Location Date acquired Accession Number Price effective from Koha item type
    Library of Congress Classification     NILE UNIVERSITY OF NIGERIA - MAIN LIBRARY NILE UNIVERSITY OF NIGERIA - MAIN LIBRARY 04/23/2025 0000327 04/23/2025 Books